[Event "Rome La Regina op 3rd"]
[Site "Rome"]
[Date "2023.07.29"]
[Round "3"]
[White "Lantini, Marco"]
[Black "Dimitrijevic, Aleksandra"]
[Result "1/2-1/2"]
[WhiteElo "1947"]
[BlackElo "2108"]
[PlyCount "20"]
[EventDate "2023.07.28"]
[EventType "swiss"]
[EventRounds "5"]
[EventCountry "ITA"]
[SourceTitle "CBM 215 Extra"]
[Source "ChessBase"]
[SourceDate "2023.09.30"]
[SourceVersion "1"]
[SourceVersionDate "2023.09.30"]
[SourceQuality "1"]

1. Nf3 Nf6 2. c4 g6 3. b3 Bg7 4. Bb2 d6 5. d4 0-0 6. g3 Nbd7 7. Bg2 c6 8. 0-0 Qc7 9. Nbd2 e5 10. dxe5 dxe5 1/2-1/2

[Event "Montesilvano Easter op 8th"]
[Site "Montesilvano"]
[Date "2023.04.08"]
[Round "3"]
[White "Giammona, Federico"]
[Black "Dimitrijevic, Aleksandra"]
[Result "1-0"]
[WhiteElo "1985"]
[BlackElo "2123"]
[PlyCount "85"]
[EventDate "2023.04.07"]
[EventType "swiss"]
[EventRounds "6"]
[EventCountry "ITA"]
[SourceTitle "CBM 213 Extra"]
[Source "ChessBase"]
[SourceDate "2023.05.31"]
[SourceVersion "1"]
[SourceVersionDate "2023.05.31"]
[SourceQuality "1"]

1. d4 Nf6 2. Bf4 c5 3. d5 d6 4. Nc3 Qb6 5. Qd2 Qxb2 6. Rb1 Qa3 7. e4 a6 8. Nf3 Qa5 9. e5 Nh5 10. g3 Nxf4 11. gxf4 g6 12. exd6 exd6 13. Qe3+ Be7 14. Nd2 b5 15. Be2 Bf5 16. 0-0 Qd8 17. Nce4 0-0 18. Ng3 Bh3 19. Rfe1 Bf6 20. Nde4 Bd4 21. Qf3 Ra7 22. c3 Bg7 23. Ng5 Bc8 24. Kh1 Nd7 25. Rg1 h6 26. N5e4 Nf6 27. f5 Nxe4 28. Qxe4 Re7 29. Qf3 Re5 30. Bd3 c4 31. Be4 Qh4 32. Rbe1 Kh8 33. Bc2 Qe7 34. Re3 Rxe3 35. fxe3 Qe5 36. h4 Qxc3 37. Rg2 Re8 38. fxg6 fxg6 39. Qf7 Rxe3 40. Qxg6 Rd3 41. Qe8+ Kh7 42. Qxc8 Qe1+ 43. Kh2 1-0

[Event "Titled Tuesday intern op 15th June"]
[Site "Chess.com INT"]
[Date "2021.06.15"]
[Round "8"]
[White "Dimitrijevic, Aleksandra"]
[Black "Senthil, Maran K"]
[Result "0-1"]
[WhiteElo "2125"]
[BlackElo "2220"]
[PlyCount "98"]
[EventDate "2021.06.15"]
[EventType "swiss (blitz)"]
[EventRounds "11"]
[EventCountry "USA"]
[SourceTitle "CBM 203 Extra"]
[Source "ChessBase"]
[SourceDate "2021.09.30"]
[SourceVersion "1"]
[SourceVersionDate "2021.09.30"]
[SourceQuality "1"]

1. d4 d5 2. c4 e6 3. Nf3 c6 4. g3 dxc4 5. Bg2 b5 6. 0-0 Bb7 7. a4 Nd7 8. b3 cxb3 9. Qxb3 a6 10. e4 Ngf6 11. Re1 Be7 12. Bb2 0-0 13. Nbd2 c5 14. axb5 axb5 15. Qxb5 Qb6 16. Qxb6 Nxb6 17. dxc5 Bxc5 18. Bxf6 gxf6 19. Rab1 Ba6 20. Nb3 Bb4 21. Red1 Rfd8 22. Nbd4 Bc5 23. Nb3 Be7 24. Rxd8+ Rxd8 25. Nbd4 Bc5 26. Nb3 Bf8 27. h4 Nc4 28. Nbd4 Nd2 29. Nxd2 Rxd4 30. Rb6 Be2 31. Nb3 Rd1+ 32. Kh2 Rb1 33. Rb7 Ba6 34. Ra7 Bc4 35. Nd2 Rb4 36. Ra8 Bd3 37. Rd8 Ba6 38. Ra8 Be2 39. Rd8 Kg7 40. f3 Rb2 41. Kh3 Bb4 42. Nf1 h5 43. Ne3 Bc5 44. Nd1 Rc2 45. Rd7 e5 46. Rd8 Bd4 47. Ne3 Bxe3 48. Ra8 Bg1 49. Ra3 Bf1 0-1

[Event "SRB-chT (Women)"]
[Site "Valjevo"]
[Date "2020.10.01"]
[Round "9.5"]
[White "Vujcic, Milena"]
[Black "Dimitrijevic, Aleksandra"]
[Result "1/2-1/2"]
[WhiteElo "2059"]
[BlackElo "2133"]
[PlyCount "69"]
[EventDate "2020.09.25"]
[EventType "team-tourn"]
[EventRounds "11"]
[EventCountry "SRB"]
[SourceTitle "CBM 198 Extra"]
[Source "ChessBase"]
[SourceDate "2020.11.30"]
[SourceVersion "1"]
[SourceVersionDate "2020.11.30"]
[SourceQuality "1"]
[WhiteTeam "Nis Osnovac (W)"]
[BlackTeam "Sremska Mitrovica Sirmium (W)"]
[WhiteTeamCountry "SRB"]
[BlackTeamCountry "SRB"]

1. e4 e5 2. Nf3 d6 3. d4 Nd7 4. Nc3 Ngf6 5. Bc4 Be7 6. 0-0 0-0 7. h3 h6 8. Re1 c6 9. a4 b6 10. b3 a6 11. Bb2 Bb7 12. Bd3 Re8 13. Ne2 Bf8 14. Ng3 Qc7 15. Qd2 Rad8 16. Rad1 exd4 17. Nxd4 c5 18. Ndf5 d5 19. exd5 Nxd5 20. Rxe8 Rxe8 21. Bxg7 Nf4 22. Bf1 Ne5 23. Bxf8 Nxh3+ 24. Kh1 Rxf8 25. Qxh6 Nxf2+ 26. Kg1 f6 27. Rd6 Ne4 28. Nxe4 Bxe4 29. Rxf6 Rxf6 30. Qxf6 Bxc2 31. Ne7+ Kh7 32. Be2 c4 33. bxc4 Qc5+ 34. Kf1 Qd4 35. Nd5 1/2-1/2

[Event "SRB-chT (Women)"]
[Site "Valjevo"]
[Date "2020.09.28"]
[Round "5.3"]
[White "Dimitrijevic, Aleksandra"]
[Black "Djordjevic, Nevena"]
[Result "1-0"]
[WhiteElo "2133"]
[BlackElo "1917"]
[PlyCount "45"]
[EventDate "2020.09.25"]
[EventType "team-tourn"]
[EventRounds "11"]
[EventCountry "SRB"]
[SourceTitle "CBM 198 Extra"]
[Source "ChessBase"]
[SourceDate "2020.11.30"]
[SourceVersion "1"]
[SourceVersionDate "2020.11.30"]
[SourceQuality "1"]
[WhiteTeam "Sremska Mitrovica Sirmium (W)"]
[BlackTeam "Lucani Mladost (W)"]
[WhiteTeamCountry "SRB"]
[BlackTeamCountry "SRB"]

1. d4 Nf6 2. Nc3 d5 3. Bf4 Bf5 4. e3 e6 5. Bd3 Bg6 6. Nge2 Be7 7. Ng3 0-0 8. h4 Bxd3 9. cxd3 Nbd7 10. e4 dxe4 11. dxe4 Nb6 12. 0-0 c5 13. dxc5 Bxc5 14. Qe2 Qe7 15. Rac1 Rac8 16. Bg5 h6 17. e5 hxg5 18. exf6 Qxf6 19. Nce4 Qe5 20. hxg5 Bd4 21. Rcd1 Nd5 22. Qg4 Bb6 23. Rxd5 1-0

[Event "SRB-chT (Women)"]
[Site "Valjevo"]
[Date "2020.09.25"]
[Round "1.4"]
[White "Vuckovic, Lidija"]
[Black "Dimitrijevic, Aleksandra"]
[Result "0-1"]
[WhiteElo "1885"]
[BlackElo "2133"]
[PlyCount "70"]
[EventDate "2020.09.25"]
[EventType "team-tourn"]
[EventRounds "11"]
[EventCountry "SRB"]
[SourceTitle "CBM 198 Extra"]
[Source "ChessBase"]
[SourceDate "2020.11.30"]
[SourceVersion "1"]
[SourceVersionDate "2020.11.30"]
[SourceQuality "1"]
[WhiteTeam "N Varos Zlatar (W)"]
[BlackTeam "Sremska Mitrovica Sirmium (W)"]
[WhiteTeamCountry "SRB"]
[BlackTeamCountry "SRB"]

1. Nf3 Nf6 2. d4 d6 3. c4 Bf5 4. Nc3 h6 5. g3 c6 6. Bg2 Nbd7 7. 0-0 e5 8. Nh4 Bh7 9. e4 Be7 10. Re1 0-0 11. d5 cxd5 12. cxd5 Rc8 13. Be3 Nc5 14. Bh3 Ncxe4 15. Nxe4 Bxe4 16. Bxc8 Qxc8 17. Bxa7 Bxd5 18. f3 Bc6 19. Re3 Nd5 20. Re4 Bxh4 21. Rxh4 Qf5 22. Rc1 Ra8 23. Bf2 Rxa2 24. Qb3 Ra8 25. Rd1 Nf6 26. Qd3 Qxf3 27. Qxf3 Bxf3 28. Rc1 Bc6 29. Rb4 d5 30. Bb6 d4 31. Bc7 Nd5 32. Rbc4 Nxc7 33. Rxc6 bxc6 34. Rxc6 Ne6 35. b4 d3 0-1

[Event "Modra Arisan (Women) GM"]
[Site "Modra"]
[Date "2019.09.21"]
[Round "10"]
[White "Dimitrijevic, Aleksandra"]
[Black "Gvanceladze, Anna"]
[Result "0-1"]
[WhiteElo "2142"]
[BlackElo "2247"]
[PlyCount "94"]
[EventDate "2019.09.14"]
[EventType "tourn"]
[EventRounds "10"]
[EventCountry "SVK"]
[SourceTitle "EXT 2020"]
[Source "ChessBase"]
[SourceDate "2019.10.17"]
[SourceVersion "1"]
[SourceVersionDate "2019.10.17"]
[SourceQuality "1"]

1. c4 c6 2. b3 d5 3. Bb2 Nf6 4. e3 Bf5 5. Nf3 h6 6. Be2 e6 7. 0-0 Nbd7 8. d3 Be7 9. a3 0-0 10. Nc3 Rc8 11. Qc2 Qc7 12. Rac1 Qb8 13. Rfd1 Bh7 14. cxd5 exd5 15. b4 Rfe8 16. Qb3 Qd6 17. d4 b5 18. Ne5 Nb6 19. Nb1 Nc4 20. Nd2 a5 21. Bc3 Rc7 22. Nd3 Ra8 23. Nc5 Rca7 24. Ra1 Bf5 25. Nf1 Ne4 26. Be1 axb4 27. Bxb4 Qg6 28. Ra2 h5 29. f3 Nxc5 30. dxc5 Be6 31. Bd3 f5 32. Bb1 Qf7 33. Qc3 Qf8 34. Qd4 Bf6 35. Qf4 Be5 36. Qh4 Nxa3 37. Qxh5 Nxb1 38. Rxa7 Rxa7 39. Rxb1 Bf6 40. Qg6 Qf7 41. Qg3 Ra4 42. Qe1 Ra2 43. Ng3 Bh4 44. Ra1 d4 45. Rxa2 Bxa2 46. exd4 f4 47. Qe4 Bd5 0-1

[Event "Modra Arisan (Women) GM"]
[Site "Modra"]
[Date "2019.09.19"]
[Round "7"]
[White "Kanakova, Natalie"]
[Black "Dimitrijevic, Aleksandra"]
[Result "0-1"]
[WhiteElo "2201"]
[BlackElo "2142"]
[PlyCount "104"]
[EventDate "2019.09.14"]
[EventType "tourn"]
[EventRounds "10"]
[EventCountry "SVK"]
[SourceTitle "EXT 2020"]
[Source "ChessBase"]
[SourceDate "2019.10.17"]
[SourceVersion "1"]
[SourceVersionDate "2019.10.17"]
[SourceQuality "1"]

1. c4 e5 2. Nc3 d6 3. g3 c6 4. d4 Nf6 5. Bg2 Nbd7 6. e4 g6 7. Nge2 Bg7 8. 0-0 0-0 9. b3 exd4 10. Nxd4 Re8 11. Bb2 Nc5 12. Re1 a5 13. Qd2 Qb6 14. Rad1 a4 15. Qc2 axb3 16. axb3 Bg4 17. f3 Bc8 18. Kh1 Nfd7 19. Nce2 Ra2 20. Nc1 Rxb2 21. Qxb2 Ne6 22. e5 Bxe5 23. Qf2 Ndf8 24. Qe3 Nxd4 25. Rxd4 Bd7 26. Re4 Bd4 27. Qd2 Rxe4 28. Rxe4 Bc5 29. Re2 Be6 30. Qc2 Bd4 31. Nd3 Qa6 32. Qa2 Qb6 33. Nf4 Bd7 34. Bh3 Bxh3 35. Nxh3 Ne6 36. Re4 d5 37. Re2 Kg7 38. Kg2 Qb4 39. cxd5 cxd5 40. Qa4 Qc3 41. Qb5 Bc5 42. Qxb7 Nd4 43. Rf2 Nf5 44. Re2 Ne3+ 45. Kf2 Qc1 46. Rxe3 Qxe3+ 47. Kf1 Qxf3+ 48. Ke1 Qh1+ 49. Ke2 Qxh2+ 50. Kd3 Qxg3+ 51. Kd2 Qxh3 52. Qxd5 Qf5 0-1

[Event "Modra Arisan (Women) GM"]
[Site "Modra"]
[Date "2019.09.18"]
[Round "6"]
[White "Dimitrijevic, Aleksandra"]
[Black "Kantorik, Marian"]
[Result "1/2-1/2"]
[WhiteElo "2142"]
[BlackElo "2150"]
[PlyCount "24"]
[EventDate "2019.09.14"]
[EventType "tourn"]
[EventRounds "10"]
[EventCountry "SVK"]
[SourceTitle "EXT 2020"]
[Source "ChessBase"]
[SourceDate "2019.10.17"]
[SourceVersion "1"]
[SourceVersionDate "2019.10.17"]
[SourceQuality "1"]

1. e4 e5 2. Nf3 Nc6 3. Bb5 a6 4. Ba4 Nf6 5. 0-0 b5 6. Bb3 Be7 7. Re1 d6 8. c3 0-0 9. h3 Re8 10. Ng5 Rf8 11. Nf3 Re8 12. Ng5 Rf8 1/2-1/2

[Event "Modra Arisan (Women) GM"]
[Site "Modra"]
[Date "2019.09.16"]
[Round "3"]
[White "Borosova, Zuzana"]
[Black "Dimitrijevic, Aleksandra"]
[Result "1-0"]
[WhiteElo "2244"]
[BlackElo "2142"]
[PlyCount "139"]
[EventDate "2019.09.14"]
[EventType "tourn"]
[EventRounds "10"]
[EventCountry "SVK"]
[SourceTitle "EXT 2020"]
[Source "ChessBase"]
[SourceDate "2019.10.17"]
[SourceVersion "1"]
[SourceVersionDate "2019.10.17"]
[SourceQuality "1"]

1. e4 c5 2. Nf3 Nc6 3. d4 cxd4 4. Nxd4 Nf6 5. Nc3 d6 6. Bg5 Bd7 7. Qd2 h6 8. Bxf6 gxf6 9. Nf5 Qa5 10. Nd5 Qxd2+ 11. Kxd2 0-0-0 12. Ng3 Rg8 13. Be2 Bg4 14. Bxg4+ Rxg4 15. Ne3 Rg6 16. c4 e6 17. Rad1 Be7 18. Ke2 b6 19. Nh5 Kd7 20. f4 Rc8 21. h3 a6 22. Rd2 Na5 23. b3 b5 24. cxb5 axb5 25. Rf1 Rc3 26. f5 Rg5 27. fxe6+ fxe6 28. Nxf6+ Kc8 29. Rd3 Rxd3 30. Kxd3 Nc6 31. a3 b4 32. axb4 Nxb4+ 33. Kc3 Nc6 34. g4 Rc5+ 35. Kb2 Rb5 36. Nc2 d5 37. exd5 exd5 38. Ng8 Bd6 39. Nxh6 d4 40. Nf7 Be7 41. Na3 Rd5 42. Nc4 Kc7 43. Rf5 Rxf5 44. gxf5 Bf6 45. Kc2 Nb4+ 46. Kd2 Kc6 47. Nce5+ Kd5 48. Ng4 Bh4 49. f6 Bxf6 50. Nxf6+ Ke6 51. Ng5+ Kxf6 52. Nf3 Kf5 53. Nxd4+ Kf4 54. Kc3 Na2+ 55. Kb2 Nb4 56. Ne2+ Kf3 57. Ng1+ Kg2 58. Kc3 Nd5+ 59. Kd4 Nf6 60. Ke5 Nd7+ 61. Kd6 Nf6 62. b4 Kxg1 63. b5 Ne4+ 64. Ke5 Nc5 65. h4 Kf2 66. h5 Ke3 67. h6 Nd7+ 68. Ke6 Nf8+ 69. Kf7 Nh7 70. b6 1-0

[Event "Modra Arisan (Women) GM"]
[Site "Modra"]
[Date "2019.09.15"]
[Round "2"]
[White "Dimitrijevic, Aleksandra"]
[Black "Kanakova, Natalie"]
[Result "0-1"]
[WhiteElo "2142"]
[BlackElo "2201"]
[PlyCount "86"]
[EventDate "2019.09.14"]
[EventType "tourn"]
[EventRounds "10"]
[EventCountry "SVK"]
[SourceTitle "EXT 2020"]
[Source "ChessBase"]
[SourceDate "2019.10.17"]
[SourceVersion "1"]
[SourceVersionDate "2019.10.17"]
[SourceQuality "1"]

1. d4 d5 2. Bf4 Nf6 3. Nf3 c5 4. c3 Nc6 5. e3 Qb6 6. Qb3 c4 7. Qc2 Bf5 8. Qc1 h6 9. Nbd2 Qd8 10. Be2 e6 11. 0-0 Be7 12. Ne5 Rc8 13. Bg3 0-0 14. f3 b5 15. a3 Bh7 16. Qe1 Nxe5 17. Bxe5 Nd7 18. Bg3 Bg5 19. Bf2 Nb6 20. h4 Be7 21. e4 Na4 22. Rb1 a5 23. Bd1 Nb6 24. Bc2 b4 25. axb4 axb4 26. Ra1 Qd7 27. cxb4 Bxb4 28. Qd1 Ra8 29. Qe2 Qc7 30. Qe3 Qb7 31. Rfe1 Nd7 32. Rab1 Ra2 33. Re2 Ba5 34. Nf1 Rxb2 35. Rxb2 Qxb2 36. exd5 Bxc2 37. dxe6 Nf6 38. Qe5 Bc3 39. exf7+ Rxf7 40. Qc5 Qb3 41. Ne3 Bd3 42. Qc8+ Rf8 43. Qe6+ Kh7 0-1

[Event "SRB-chT (Women)"]
[Site "Subotica"]
[Date "2019.08.23"]
[Round "2.2"]
[White "Injac, Teodora"]
[Black "Dimitrijevic, Aleksandra"]
[Result "1/2-1/2"]
[WhiteElo "2223"]
[BlackElo "2142"]
[PlyCount "60"]
[EventDate "2019.08.22"]
[EventType "team-tourn"]
[EventRounds "11"]
[EventCountry "SRB"]
[SourceTitle "EXT 2020"]
[Source "ChessBase"]
[SourceDate "2019.10.17"]
[SourceVersion "1"]
[SourceVersionDate "2019.10.17"]
[SourceQuality "1"]
[WhiteTeam "Goracici Jelica (W)"]
[BlackTeam "Kac Jugovic (W)"]
[WhiteTeamCountry "SRB"]
[BlackTeamCountry "SRB"]

1. d4 d6 2. Nf3 Nf6 3. c4 c5 4. Nc3 cxd4 5. Nxd4 Nc6 6. e4 e6 7. Be2 Be7 8. 0-0 a6 9. Be3 Qc7 10. Nb3 0-0 11. Rc1 Nd7 12. Nd5 exd5 13. cxd5 Nf6 14. Bf3 Bd7 15. Nd4 Rac8 16. dxc6 bxc6 17. e5 dxe5 18. Nxc6 Bxc6 19. Rxc6 Qa5 20. Qb3 e4 21. Rxc8 Rxc8 22. Qb7 Re8 23. Be2 Qxa2 24. Rc1 Qd5 25. Qxa6 h5 26. Qc4 Qe5 27. Bd4 Qg5 28. Be3 Qe5 29. Bd4 Qg5 30. Be3 Qe5 1/2-1/2

[Event "Paracin (Women) 2nd"]
[Site "Paracin"]
[Date "2019.07.19"]
[Round "9"]
[White "Dimitrijevic, Aleksandra"]
[Black "Liu, Hongyan"]
[Result "0-1"]
[WhiteElo "2148"]
[BlackElo "2033"]
[PlyCount "64"]
[EventDate "2019.07.13"]
[EventType "tourn"]
[EventRounds "9"]
[EventCountry "SRB"]
[SourceTitle "CBM 191 Extra"]
[Source "ChessBase"]
[SourceDate "2019.09.30"]
[SourceVersion "1"]
[SourceVersionDate "2019.09.30"]
[SourceQuality "1"]

1. d4 c5 2. d5 e5 3. e4 d6 4. c3 Be7 5. a4 Bg5 6. Nd2 Ne7 7. h4 Bxd2+ 8. Bxd2 Qb6 9. a5 Qc7 10. Bd3 0-0 11. g4 c4 12. Bc2 Na6 13. Qe2 Bd7 14. h5 f6 15. f4 exf4 16. Bxf4 Nxd5 17. exd5 Rae8 18. Be3 Rxe3 19. Qxe3 Re8 20. Be4 Nc5 21. Kf1 Rxe4 22. Qd2 Nd3 23. Ne2 Qc5 24. Rh2 Rxg4 25. Nd4 Qxd5 26. b3 Rf4+ 27. Kg1 Rxd4 28. cxd4 Qxd4+ 29. Kg2 Qxa1 30. bxc4 Bc6+ 31. Kh3 Qf1+ 32. Kh4 Ne5 0-1

[Event "Paracin (Women) 2nd"]
[Site "Paracin"]
[Date "2019.07.18"]
[Round "8"]
[White "Brankovic, Dejan"]
[Black "Dimitrijevic, Aleksandra"]
[Result "1/2-1/2"]
[WhiteElo "2312"]
[BlackElo "2148"]
[PlyCount "29"]
[EventDate "2019.07.13"]
[EventType "tourn"]
[EventRounds "9"]
[EventCountry "SRB"]
[SourceTitle "CBM 191 Extra"]
[Source "ChessBase"]
[SourceDate "2019.09.30"]
[SourceVersion "1"]
[SourceVersionDate "2019.09.30"]
[SourceQuality "1"]

1. Nf3 Nf6 2. g3 b6 3. Bg2 Bb7 4. d3 d5 5. 0-0 e6 6. Nbd2 Be7 7. e4 c5 8. Re1 0-0 9. e5 Nfd7 10. h4 Nc6 11. Nf1 b5 12. Bf4 a5 13. N1h2 Re8 14. h5 f5 15. exf6 1/2-1/2

[Event "Paracin (Women) 2nd"]
[Site "Paracin"]
[Date "2019.07.17"]
[Round "7"]
[White "Dimitrijevic, Aleksandra"]
[Black "Eswaran, Aksithi"]
[Result "1-0"]
[WhiteElo "2148"]
[BlackElo "1741"]
[PlyCount "75"]
[EventDate "2019.07.13"]
[EventType "tourn"]
[EventRounds "9"]
[EventCountry "SRB"]
[SourceTitle "CBM 191 Extra"]
[Source "ChessBase"]
[SourceDate "2019.09.30"]
[SourceVersion "1"]
[SourceVersionDate "2019.09.30"]
[SourceQuality "1"]

1. d4 d5 2. Bf4 Nf6 3. Nf3 e6 4. e3 c5 5. c3 Nc6 6. Bd3 Bd6 7. Bg3 Qe7 8. Nbd2 0-0 9. Ne5 Bxe5 10. dxe5 Nd7 11. f4 f6 12. Nf3 b6 13. Qe2 Bb7 14. h4 f5 15. h5 c4 16. Bc2 b5 17. Bh4 Qc5 18. a3 a5 19. g4 b4 20. gxf5 exf5 21. Nd4 Nxd4 22. exd4 Qb6 23. Rg1 Qe6 24. axb4 axb4 25. Rxa8 Rxa8 26. cxb4 Qb6 27. Qd2 Qh6 28. Rg5 Ra1+ 29. Kf2 Rh1 30. Bg3 Rxh5 31. Bxf5 Rxg5 32. fxg5 Qc6 33. e6 Nb6 34. Qe3 Kf8 35. e7+ Ke8 36. Qe5 Bc8 37. Qxg7 Nd7 38. Bxh7 1-0

[Event "Paracin (Women) 2nd"]
[Site "Paracin"]
[Date "2019.07.14"]
[Round "2"]
[White "Dimitrijevic, Aleksandra"]
[Black "Vujcic, Milena"]
[Result "1-0"]
[WhiteElo "2148"]
[BlackElo "1989"]
[PlyCount "125"]
[EventDate "2019.07.13"]
[EventType "tourn"]
[EventRounds "9"]
[EventCountry "SRB"]
[SourceTitle "CBM 191 Extra"]
[Source "ChessBase"]
[SourceDate "2019.09.30"]
[SourceVersion "1"]
[SourceVersionDate "2019.09.30"]
[SourceQuality "1"]

1. d4 Nf6 2. Nf3 g6 3. c4 Bg7 4. Nc3 0-0 5. e3 d6 6. Be2 Nbd7 7. 0-0 e5 8. Qc2 c6 9. Rd1 Qe7 10. b3 e4 11. Nd2 Re8 12. a4 a5 13. Ba3 h5 14. Rab1 Nf8 15. b4 axb4 16. Rxb4 Ra5 17. d5 c5 18. Rb5 Ra6 19. Rdb1 g5 20. Bb2 N8h7 21. Ncxe4 Nxe4 22. Nxe4 Bxb2 23. R5xb2 Bf5 24. f3 Bxe4 25. fxe4 Nf6 26. Rxb7 Qxe4 27. Qxe4 Rxe4 28. R7b6 Rxa4 29. Rxd6 Ng4 30. Rc6 Nxe3 31. d6 Rd4 32. Rxc5 Rxd6 33. Rxg5+ Rg6 34. Rxg6+ fxg6 35. c5 Ra2 36. c6 Rxe2 37. c7 Rxg2+ 38. Kh1 Rc2 39. Rb8+ Kg7 40. c8Q Rxc8 41. Rxc8 Kh6 42. Rc5 Nf5 43. Kg2 Kg5 44. Ra5 Kg4 45. Ra6 Nh4+ 46. Kg1 Nf5 47. Rxg6+ Kf4 48. Rg8 Nh6 49. Rh8 Kg5 50. Kg2 Nf5 51. Ra8 Kg4 52. Ra4+ Kg5 53. Rb4 Nh4+ 54. Kf2 Nf5 55. Ra4 Nh6 56. Kf3 Ng4 57. h3 Ne5+ 58. Kg3 Ng6 59. Ra5+ Kh6 60. Kf3 Nh8 61. Kf4 Nf7 62. Ra6+ Kg7 63. Kf5 1-0

[Event "Mentese (Women)"]
[Site "Mentese"]
[Date "2019.06.25"]
[Round "3.2"]
[White "Zubova, Mariya"]
[Black "Dimitrijevic, Aleksandra"]
[Result "1/2-1/2"]
[WhiteElo "2164"]
[BlackElo "2190"]
[PlyCount "67"]
[EventDate "2019.06.24"]
[EventType "schev"]
[EventRounds "10"]
[EventCountry "TUR"]
[SourceTitle "CBM 191 Extra"]
[Source "ChessBase"]
[SourceDate "2019.09.30"]
[SourceVersion "1"]
[SourceVersionDate "2019.09.30"]
[SourceQuality "1"]
[WhiteTeam "White Team"]
[BlackTeam "Green Team"]
[WhiteTeamCountry "TUR"]
[BlackTeamCountry "TUR"]

1. e4 d6 2. d4 Nf6 3. Nc3 c6 4. Be3 Ng4 5. Bg5 Qb6 6. Rb1 e5 7. Nf3 f6 8. Bc1 g6 9. Bc4 Qc7 10. a4 a6 11. Ra1 b6 12. 0-0 Nh6 13. dxe5 dxe5 14. Be3 a5 15. h3 Nf7 16. Nd2 Ba6 17. Qe2 Bxc4 18. Nxc4 Nd7 19. f4 Bg7 20. Rad1 exf4 21. Bxf4 Nde5 22. Bxe5 Nxe5 23. Nxe5 Qxe5 24. Qc4 Qc5+ 25. Qxc5 bxc5 26. Rd6 Rc8 27. Rfd1 0-0 28. Rd7 f5 29. exf5 Rxf5 30. Ne4 Bd4+ 31. R7xd4 cxd4 32. Nd6 Rd8 33. Nxf5 gxf5 34. Kf2 1/2-1/2

[Event "Titled Tuesday intern op 4th June"]
[Site "Chess.com INT"]
[Date "2019.06.04"]
[Round "5"]
[White "Dimitrijevic, Aleksandra"]
[Black "Li, William"]
[Result "0-1"]
[WhiteElo "2190"]
[BlackElo "2135"]
[PlyCount "122"]
[EventDate "2019.06.04"]
[EventType "swiss (blitz)"]
[EventRounds "10"]
[EventCountry "USA"]
[SourceTitle "EXT 2021"]
[Source "ChessBase"]
[SourceDate "2020.10.23"]
[SourceVersion "1"]
[SourceVersionDate "2020.10.23"]
[SourceQuality "1"]

1. d4 Nf6 2. Nf3 b6 3. e3 Bb7 4. Be2 g6 5. 0-0 Bg7 6. c4 0-0 7. b4 a5 8. bxa5 Rxa5 9. Nc3 d6 10. Qb3 Nbd7 11. Bd2 Ra8 12. a4 e5 13. a5 exd4 14. exd4 Ne4 15. Be3 Nxc3 16. Qxc3 c5 17. axb6 Rxa1 18. Qxa1 Bxf3 19. Bxf3 cxd4 20. Bxd4 Bxd4 21. Qxd4 Qxb6 22. Qd2 Ne5 23. Bd5 Rc8 24. Qf4 Kg7 25. h4 h5 26. Re1 Qc7 27. Re4 Qe7 28. Qc1 Qf6 29. Rf4 Qe7 30. Qa1 Rc7 31. Rxf7+ Qxf7 32. Bxf7 Kxf7 33. Qd4 Nxc4 34. Qd5+ Ke7 35. f4 Rc5 36. Qg8 Kf6 37. Qf8+ Ke6 38. g3 Nd2 39. Kf2 Ne4+ 40. Kf3 Nf6 41. Qg7 Rc3+ 42. Kg2 Rc2+ 43. Kf1 Kf5 44. Qf7 d5 45. Ke1 Rc3 46. Kf2 Rc2+ 47. Ke3 Rc3+ 48. Ke2 Rxg3 49. Qc7 Ne4 50. Qe5+ Kg4 51. Kf1 Rf3+ 52. Kg1 Rxf4 53. Qxd5 Kf3 54. Qd3+ Kg4 55. Qd8 Kh3 56. Qe7 Rg4+ 57. Kf1 Ng3+ 58. Kf2 Rf4+ 59. Ke3 Re4+ 60. Qxe4 Nxe4 61. Kxe4 Kxh4 0-1

[Event "Titled Tuesday intern op 4th June"]
[Site "Chess.com INT"]
[Date "2019.06.04"]
[Round "2"]
[White "Dimitrijevic, Aleksandra"]
[Black "Zivkovic, Ivan B"]
[Result "1-0"]
[WhiteElo "2190"]
[BlackElo "2351"]
[PlyCount "53"]
[EventDate "2019.06.04"]
[EventType "swiss (blitz)"]
[EventRounds "10"]
[EventCountry "USA"]
[SourceTitle "EXT 2021"]
[Source "ChessBase"]
[SourceDate "2020.10.23"]
[SourceVersion "1"]
[SourceVersionDate "2020.10.23"]
[SourceQuality "1"]

1. d4 Nf6 2. Nf3 e6 3. g3 c5 4. c3 b6 5. Bg2 Bb7 6. 0-0 Be7 7. Nbd2 0-0 8. Re1 d5 9. b3 Nc6 10. Bb2 Rc8 11. e3 Re8 12. Rc1 Bd6 13. c4 Nb4 14. Qe2 cxd4 15. exd4 Ne4 16. a3 Na6 17. Nxe4 dxe4 18. Nd2 f5 19. f3 exf3 20. Nxf3 Nc7 21. c5 Bf8 22. c6 Ba8 23. Ne5 Nd5 24. b4 Bd6 25. b5 Qe7 26. Nc4 Qf7 27. Nxd6 1-0

[Event "Titled Tuesday intern op 4th June"]
[Site "Chess.com INT"]
[Date "2019.06.04"]
[Round "1"]
[White "Teja, Ravi"]
[Black "Dimitrijevic, Aleksandra"]
[Result "1-0"]
[WhiteElo "1487"]
[BlackElo "2190"]
[PlyCount "67"]
[EventDate "2019.06.04"]
[EventType "swiss (blitz)"]
[EventRounds "10"]
[EventCountry "USA"]
[SourceTitle "EXT 2021"]
[Source "ChessBase"]
[SourceDate "2020.10.23"]
[SourceVersion "1"]
[SourceVersionDate "2020.10.23"]
[SourceQuality "1"]

1. d4 d6 2. Nf3 Nf6 3. g3 Bf5 4. Bg2 c6 5. 0-0 h6 6. c4 Nbd7 7. Nc3 e5 8. Re1 Qc7 9. e4 Bh7 10. h3 Be7 11. Nh4 0-0 12. Nf5 Bxf5 13. exf5 Rfe8 14. Be3 exd4 15. Bxd4 Ne5 16. b3 Qa5 17. Qc2 Rad8 18. Rad1 Bf8 19. g4 Nh7 20. Kh1 a6 21. Ne2 b5 22. f4 c5 23. Bc3 b4 24. fxe5 bxc3 25. e6 fxe6 26. fxe6 Nf6 27. Nxc3 Qc7 28. Nd5 Nxd5 29. Bxd5 Be7 30. Rf1 Rf8 31. Rf7 Rxf7 32. exf7+ Kh8 33. Qg6 Qa5 34. Be4 1-0